[Event "DSOL 07 Liga Gr-C 1st"]
[Site "Playchess.com INT"]
[Date "2020.08.10"]
[Round "2.3"]
[White "Glueckmann, Jonas"]
[Black "Herth, Friedel"]
[Result "1-0"]
[WhiteElo "1400"]
[BlackElo "1550"]
[PlyCount "109"]
[EventDate "2020.06.22"]
[EventType "team-tourn (rapid)"]
[EventCountry "GER"]
[SourceTitle "EXT 2021"]
[Source "ChessBase"]
[SourceDate "2020.10.23"]
[SourceVersion "1"]
[SourceVersionDate "2020.10.23"]
[SourceQuality "1"]
[WhiteTeam "Oberursel III"]
[BlackTeam "Langen II"]
[WhiteTeamCountry "GER"]
[BlackTeamCountry "GER"]

1. e4 e5 2. Nf3 Nc6 3. d4 exd4 4. Bc4 Be7 5. Nxd4 Ne5 6. Bb3 Bc5 7. Be3 d6 8. 0-0 Nf6 9. Nc3 0-0 10. h3 Bd7 11. Qd2 Bb4 12. f3 Nh5 13. Nde2 Kh8 14. f4 Nc6 15. Rad1 Be6 16. Bxe6 fxe6 17. a3 Ba5 18. Nd4 Nxd4 19. Bxd4 Bb6 20. Bxb6 axb6 21. Rf3 e5 22. fxe5 Rxf3 23. gxf3 Qh4 24. exd6 cxd6 25. Qg2 Nf4 26. Qg4 Nxh3+ 27. Kh2 Qxg4 28. fxg4 Ng5 29. Rxd6 Nf3+ 30. Kg3 Ne5 31. Rxb6 Rb8 32. Rb5 Nf7 33. Na4 Nd6 34. Rb4 Kg8 35. Nc5 b6 36. e5 Nc8 37. Nd7 Rb7 38. Rc4 Rxd7 39. Rxc8+ Kf7 40. Rb8 Rd2 41. Rxb6 Rxc2 42. a4 Rc4 43. a5 Rc5 44. a6 Rxe5 45. Kf4 Ra5 46. b4 g5+ 47. Ke4 Ra1 48. Kf5 Ke7 49. Kxg5 h6+ 50. Kxh6 Kd7 51. Rb7+ Kc6 52. b5+ Kc5 53. a7 Kd5 54. b6 Kc6 55. Rb8 1-0

[Event "Rhein Main op-B 22nd"]
[Site "Bad Homburg"]
[Date "2019.06.22"]
[Round "5"]
[White "Rempe, Mieke"]
[Black "Glueckmann, Jonas"]
[Result "1-0"]
[WhiteElo "1469"]
[BlackElo "1631"]
[PlyCount "57"]
[EventDate "2019.06.19"]
[EventType "swiss"]
[EventRounds "7"]
[EventCountry "GER"]
[SourceTitle "EXT 2020"]
[Source "ChessBase"]
[SourceDate "2019.10.17"]
[SourceVersion "1"]
[SourceVersionDate "2019.10.17"]
[SourceQuality "1"]

1. e4 e5 2. Nf3 Nc6 3. Bb5 a6 4. Ba4 Nf6 5. 0-0 b5 6. Bb3 Bc5 7. Nxe5 Nxe5 8. d4 Bxd4 9. Qxd4 Nc6 10. Qd3 h6 11. e5 Ng4 12. f4 Qe7 13. Qg3 h5 14. h3 Nd4 15. Qe1 Nxb3 16. cxb3 Qc5+ 17. Kh1 Bb7 18. Qh4 Ne3 19. Bxe3 Qxe3 20. Nc3 Qb6 21. f5 f6 22. exf6 gxf6 23. Rae1+ Kf7 24. a4 Rag8 25. Re2 Qc6 26. Rff2 Rg5 27. axb5 axb5 28. Qb4 Rhg8 29. Qe7# 1-0

[Event "Rhein Main op-B 22nd"]
[Site "Bad Homburg"]
[Date "2019.06.20"]
[Round "2"]
[White "Glueckmann, Jonas"]
[Black "Herold, Hansjoerg"]
[Result "0-1"]
[WhiteElo "1631"]
[BlackElo "1854"]
[PlyCount "52"]
[EventDate "2019.06.19"]
[EventType "swiss"]
[EventRounds "7"]
[EventCountry "GER"]
[SourceTitle "EXT 2020"]
[Source "ChessBase"]
[SourceDate "2019.10.17"]
[SourceVersion "1"]
[SourceVersionDate "2019.10.17"]
[SourceQuality "1"]

1. e4 e5 2. Nf3 Nc6 3. Bc4 Nf6 4. d3 Be7 5. Bg5 0-0 6. 0-0 d6 7. h3 Na5 8. Bb3 Nxb3 9. axb3 Be6 10. Nc3 c6 11. d4 Qc7 12. dxe5 dxe5 13. Qe2 b6 14. Nh4 h6 15. Bxf6 Bxf6 16. Nf5 Rad8 17. Qf3 Kh7 18. Ne2 Rd2 19. Rfc1 Rfd8 20. Neg3 Be7 21. Qc3 Bc5 22. Rf1 a5 23. Nh4 Bb4 24. Qe3 Rxc2 25. Nf3 Bc5 26. Qe1 Bxb3 0-1

[Event "Rhein Main op-B 22nd"]
[Site "Bad Homburg"]
[Date "2019.06.19"]
[Round "1"]
[White "Bernig Le Duigou, Vincent"]
[Black "Glueckmann, Jonas"]
[Result "0-1"]
[WhiteElo "835"]
[BlackElo "1631"]
[PlyCount "64"]
[EventDate "2019.06.19"]
[EventType "swiss"]
[EventRounds "7"]
[EventCountry "GER"]
[SourceTitle "EXT 2020"]
[Source "ChessBase"]
[SourceDate "2019.10.17"]
[SourceVersion "1"]
[SourceVersionDate "2019.10.17"]
[SourceQuality "1"]

1. d4 d5 2. c4 c6 3. cxd5 cxd5 4. Nc3 Nc6 5. Nf3 Nf6 6. g3 Bg4 7. Bg2 e6 8. 0-0 Bb4 9. Bd2 Bxf3 10. Bxf3 Nxd4 11. Qa4+ Nc6 12. Rad1 Be7 13. Bf4 0-0 14. e4 d4 15. e5 Nd5 16. Nxd5 exd5 17. Qb3 g5 18. Qxb7 Na5 19. Qb5 gxf4 20. gxf4 Rb8 21. Qa6 Bc5 22. b3 Rb6 23. Qd3 Qh4 24. Bxd5 Rh6 25. Qg3+ Rg6 26. Qxg6+ hxg6 27. Rb1 Qxf4 28. b4 Qxe5 29. Bxf7+ Rxf7 30. bxc5 Rh7 31. Rfc1 Qxh2+ 32. Kf1 Rf7 0-1

[Event "Rhein Main op-B 21st"]
[Site "Bad Homburg"]
[Date "2018.06.02"]
[Round "6"]
[White "Rolle, Klaus"]
[Black "Glueckmann, Jonas"]
[Result "1/2-1/2"]
[WhiteElo "1820"]
[BlackElo "1327"]
[PlyCount "32"]
[EventDate "2018.05.30"]
[EventType "swiss"]
[EventRounds "7"]
[EventCountry "GER"]
[SourceTitle "EXT 2019"]
[Source "ChessBase"]
[SourceDate "2018.10.10"]
[SourceVersion "1"]
[SourceVersionDate "2018.10.10"]
[SourceQuality "1"]

1. c4 e5 2. g3 Nc6 3. Bg2 Nf6 4. Nc3 Bb4 5. e3 Bxc3 6. bxc3 d6 7. Ne2 Bg4 8. 0-0 Qd7 9. d4 exd4 10. cxd4 d5 11. c5 0-0 12. Qd2 Bh3 13. Ba3 Bxg2 14. Kxg2 Rfe8 15. Nf4 Ne4 16. Qb2 Rab8 1/2-1/2

[Event "Rhein Main op-B 21st"]
[Site "Bad Homburg"]
[Date "2018.06.01"]
[Round "4"]
[White "Bruno, Claudio"]
[Black "Glueckmann, Jonas"]
[Result "1-0"]
[WhiteElo "1669"]
[BlackElo "1327"]
[PlyCount "65"]
[EventDate "2018.05.30"]
[EventType "swiss"]
[EventRounds "7"]
[EventCountry "GER"]
[SourceTitle "EXT 2019"]
[Source "ChessBase"]
[SourceDate "2018.10.10"]
[SourceVersion "1"]
[SourceVersionDate "2018.10.10"]
[SourceQuality "1"]

1. d4 d5 2. c4 c6 3. Nc3 Nf6 4. Nf3 Bg4 5. e3 Nbd7 6. Bd3 e5 7. cxd5 cxd5 8. dxe5 Nxe5 9. Be2 Nxf3+ 10. Bxf3 Be6 11. 0-0 Bd6 12. Qa4+ Bd7 13. Qb3 Be6 14. Qxb7 0-0 15. Rd1 Qa5 16. Qb5 Qc7 17. g3 Rfd8 18. Nxd5 Nxd5 19. Bxd5 Bxg3 20. hxg3 Rab8 21. Qe2 Bxd5 22. e4 Qe5 23. Bf4 Qxe4 24. Qxe4 Bxe4 25. Bxb8 Rxb8 26. Rd4 Bg6 27. Rad1 Kf8 28. Rd8+ Rxd8 29. Rxd8+ Ke7 30. Ra8 Kd6 31. Rxa7 h5 32. Ra6+ Kc5 33. Rxg6 1-0

[Event "Rhein Main op-B 21st"]
[Site "Bad Homburg"]
[Date "2018.05.31"]
[Round "2"]
[White "Zalewski, Ulrich"]
[Black "Glueckmann, Jonas"]
[Result "1-0"]
[WhiteElo "1788"]
[BlackElo "1327"]
[PlyCount "115"]
[EventDate "2018.05.30"]
[EventType "swiss"]
[EventRounds "7"]
[EventCountry "GER"]
[SourceTitle "EXT 2019"]
[Source "ChessBase"]
[SourceDate "2018.10.10"]
[SourceVersion "1"]
[SourceVersionDate "2018.10.10"]
[SourceQuality "1"]

1. e4 e5 2. Nf3 Nc6 3. Bb5 a6 4. Ba4 b5 5. Bb3 Nf6 6. 0-0 d6 7. Re1 Bg4 8. c3 Be7 9. d3 0-0 10. Nbd2 Re8 11. Nf1 Qd7 12. Ne3 Bxf3 13. Qxf3 b4 14. Nd5 bxc3 15. Nxe7+ Nxe7 16. bxc3 h6 17. Be3 c5 18. Rab1 Reb8 19. Bc4 Qc7 20. Bxh6 Rxb1 21. Rxb1 Rb8 22. Rd1 Ng6 23. Bg5 Nh7 24. Be3 Nf6 25. Qg3 Kf8 26. Qg5 Rb2 27. Bb3 Qa5 28. Bc1 Rb1 29. Qd2 c4 30. Bxc4 Rb8 31. Qc2 d5 32. exd5 Nxd5 33. Bxd5 Qxd5 34. c4 Qc6 35. Be3 Nh4 36. f3 Nf5 37. Qf2 Qa4 38. Re1 Nxe3 39. Qxe3 Re8 40. Qd2 Qd7 41. Qc3 f6 42. Rb1 Qa4 43. Qb4+ Qxb4 44. Rxb4 Rd8 45. Rb3 Ke7 46. Kf2 Kd6 47. Ke3 Kc5 48. g3 Rd6 49. a4 Rb6 50. Rxb6 Kxb6 51. d4 a5 52. c5+ Kc6 53. Ke4 g6 54. h4 exd4 55. Kxd4 Kc7 56. Kd5 Kd7 57. g4 Kc7 58. h5 1-0